Dōshisha Daigaku rikōgaku kenkyū hōkoku = The science and engineering review of Doshisha University.
同志社大学理工学研究報告 = The science and engineering review of Doshisha University.
| New Title: | Dōshisha Daigaku Harisu Rikagaku kenkyū hōkoku |
|---|---|
| Previous Title: | Doshisha kogaku kaishi |
| Corporate Author: | |
| Format: | Journal |
| Language: | Japanese English |
| Language Notes: | Chiefly Japanese; some also in English. |
| Subjects: | |
| Online Availability: |
|
MARC
| Tag | First Indicator | Second Indicator | Subfields |
|---|---|---|---|
| LEADER | 00000cas a2200000 a 4500 | ||
| 001 | in00000645521 | ||
| 005 | 20210727072602.0 | ||
| 008 | 810302d19602015ja qr p 0 a0jpn c | ||
| 010 | |a 96659684 |z sn 86013236 | ||
| 015 | |a 014375117 |2 dnb | ||
| 016 | 7 | |a 014375117 |2 DE-101 | |
| 016 | 7 | |a 792202-4 |2 DE-600 | |
| 016 | 7 | |a 009868572 |2 Uk | |
| 019 | |a 1065215313 |a 1230860903 |a 1231101803 | ||
| 022 | |a 0036-8172 |l 0036-8172 |2 z | ||
| 029 | 1 | |a AU@ |b 000015109738 | |
| 029 | 1 | |a GBVCP |b 130598933 | |
| 029 | 1 | |a ZWZ |b 038792176 | |
| 029 | 1 | |a UKMGB |b 009868572 | |
| 030 | |a DDRKAZ | ||
| 035 | |a (OCoLC)ocm02446438 | ||
| 035 | |a (OCoLC)2446438 |z (OCoLC)1065215313 |z (OCoLC)1230860903 |z (OCoLC)1231101803 | ||
| 040 | |a QPR |b eng |c QPR |d COO |d YUS |d UCU |d MUL |d SER |d AIP |d NST |d DLC |d OCL |d OCLCQ |d GBVCP |d OCLCF |d OCLCO |d FUG |d OCLCQ |d UKMGB |d UtOrBLW | ||
| 041 | 0 | |a jpn |a eng | |
| 042 | |a nsdp |a pcc | ||
| 049 | |a TXAM | ||
| 050 | 0 | 0 | |a TA4 |b .D67 |
| 066 | |c $1 | ||
| 090 | |a TA4 |b .D52 | ||
| 210 | 0 | |a Dōshisha Daigaku Rikogaku Kenkyu Hokoku | |
| 222 | 0 | |a Dōshisha Daigaku Rikogaku Kenkyu Hokoku | |
| 245 | 0 | 0 | |6 880-01 |a Dōshisha Daigaku rikōgaku kenkyū hōkoku = |b The science and engineering review of Doshisha University. |
| 246 | 3 | 0 | |6 880-02 |a Rikōgaku kenkyū hōkoku |
| 246 | 3 | 1 | |a Science and engineering review of Doshisha University |
| 264 | |6 880-03 |a Kyoto : |b Dōshisha Daigaku Rikōgaku Kenkyūjo, |c 1960-2015. | ||
| 300 | |a volumes : |b illustrations ; |c 26 cm | ||
| 310 | |a Quarterly | ||
| 336 | |a text |b txt |2 rdacontent | ||
| 337 | |a unmediated |b n |2 rdamedia | ||
| 338 | |a volume |b nc |2 rdacarrier | ||
| 362 | 0 | |6 880-04 |a Dai 1-kan dai 1-gō (1960-nen 3-gatsu)- | |
| 510 | 2 | |a Chemical abstracts |x 0009-2258 | |
| 515 | |a Some issues published in combined form. | ||
| 546 | |a Chiefly Japanese; some also in English. | ||
| 588 | |a Latest issue consulted: Dai 35-kan dai 3-4-gō (1995-nen 2-gatsu). | ||
| 650 | 0 | |a Engineering |v Periodicals. |0 http://id.loc.gov/authorities/subjects/sh85043188 | |
| 650 | 0 | |a Science |v Periodicals. |0 http://id.loc.gov/authorities/subjects/sh85118580 | |
| 650 | 7 | |a Engineering. |2 fast |0 (OCoLC)fst00910312 | |
| 650 | 7 | |a Science. |2 fast |0 (OCoLC)fst01108176 | |
| 655 | 7 | |a Periodicals. |2 fast |0 (OCoLC)fst01411641 | |
| 710 | 2 | |6 880-05 |a Dōshisha Daigaku. |b Rikōgaku Kenkyūjo. |0 http://id.loc.gov/authorities/names/no96057196 | |
| 776 | 0 | 8 | |i Online version: |t Dōshisha Daigaku rikōgaku kenkyū hōkoku |w (OCoLC)560659411 |
| 776 | 0 | 8 | |i Online version: |t Dōshisha Daigaku rikōgaku kenkyū hōkoku |w (OCoLC)608948376 |
| 780 | 0 | 0 | |t Doshisha kogaku kaishi |x 0419-6767 |w (DLC)sn 90012190 |w (OCoLC)1682195 |
| 785 | 0 | 0 | |t Dōshisha Daigaku Harisu Rikagaku kenkyū hōkoku |x 0036-8172 |w (OCoLC)920766624 |
| 850 | |a DLC |a ICRL |a NN | ||
| 880 | 0 | 0 | |6 245-01/$1 |a 同志社大学理工学研究報告 = |b The science and engineering review of Doshisha University. |
| 880 | 3 | 0 | |6 246-02/$1 |a 理工学研究報告 |
| 880 | |6 264-03/$1 |a Kyoto : |b 同志社大学理工学研究所, |c 1960-2015. | ||
| 880 | 0 | |6 362-04/$1 |a 第1卷第1号 (1960年3月)- | |
| 880 | 2 | |6 710-05/$1 |a 同志社大学. |b 理工学研究所. | |
| 994 | |a C0 |b TXA | ||
| 949 | |a updated |b h |c 2021/3/17 |e coplinger |f 9:05:30 am | ||
| 999 | f | f | |s 2797bd7d-b947-303a-b47f-a6d32173940f |i 436aaa77-4be4-34c1-98b3-13cf6b43e05d |t 0 |
| 952 | f | f | |p ric |a Texas A&M University |b Rellis Campus |c Joint Library Facility |d Remote Storage |t 0 |e TA4 .D52 |h Library of Congress classification |i unmediated -- volume |k v.4:no.2,4 |l 1963:Nov.,1964:May |m A14842246523 |
| 952 | f | f | |p ric |a Texas A&M University |b Rellis Campus |c Joint Library Facility |d Remote Storage |t 0 |e TA4 .D52 |h Library of Congress classification |i unmediated -- volume |k v.16:no.1 |l 1975:May |m A14842246499 |
| 952 | f | f | |p ric |a Texas A&M University |b Rellis Campus |c Joint Library Facility |d Remote Storage |t 0 |e TA4 .D52 |h Library of Congress classification |i unmediated -- volume |k v.1 |l 1960 |m A14842246556 |
| 952 | f | f | |p ric |a Texas A&M University |b Rellis Campus |c Joint Library Facility |d Remote Storage |t 0 |e TA4 .D52 |h Library of Congress classification |i unmediated -- volume |k v.3:no.2-4 |l 1962:Sept.-Dec. |m A14842246531 |
| 952 | f | f | |p ric |a Texas A&M University |b Rellis Campus |c Joint Library Facility |d Remote Storage |t 0 |e TA4 .D52 |h Library of Congress classification |i unmediated -- volume |k v.2 |l 1961 |m A14842246549 |
| 952 | f | f | |p ric |a Texas A&M University |b Rellis Campus |c Joint Library Facility |d Remote Storage |t 0 |e TA4 .D52 |h Library of Congress classification |i unmediated -- volume |k v.5 |l 1964 |m A14842246515 |
| 952 | f | f | |p ric |a Texas A&M University |b Rellis Campus |c Joint Library Facility |d Remote Storage |t 0 |e TA4 .D52 |h Library of Congress classification |i unmediated -- volume |k v.6:no.1-2,4 |l 1965:Apr.-Sept.,1966:Mar. |m A14842246507 |
| 952 | f | f | |p ric |a Texas A&M University |b Rellis Campus |c Joint Library Facility |d Remote Storage |t 0 |e TA4 .D52 |h Library of Congress classification |i unmediated -- volume |k v.20:no.2 |l 1979:Aug. |m A14842246473 |
| 952 | f | f | |p ric |a Texas A&M University |b Rellis Campus |c Joint Library Facility |d Remote Storage |t 0 |e TA4 .D52 |h Library of Congress classification |i unmediated -- volume |k v.20:no.4 |l 1980:Feb. |m A14842246481 |
| 998 | f | f | |a TA4 .D52 |s v.20:no.2,4 (1979,1980) |t 0 |l Remote Storage |